Baby Names: 'I' Boy Names by Decade Quiz Stats

 Plays Quiz Updated Apr 14, 2017

Challenge
Share
Tweet
Embed
Score 0/64 Timer 06:00
12 Plays Today
Hint Names % Correct
1980sIan
80.7%
1990sIan
80.7%
2000sIan
80.7%
1970sIan
80.7%
1960sIan
80.7%
1880sIsaac
78.5%
1890sIsaac
78.5%
1900sIsaac
78.5%
1910sIsaac
78.5%
1980sIsaac
78.5%
1990sIsaac
78.5%
2000sIsaac
78.5%
1920sIsaac
78.5%
1930sIsaac
78.5%
1970sIsaac
78.5%
1960sIsaac
78.5%
1950sIsaac
78.5%
1940sIsaac
78.5%
1910sIvan
77.2%
1890sIvan
77.3%
1900sIvan
77.2%
1920sIvan
77.2%
2000sIvan
77.2%
1930sIvan
77.2%
1970sIvan
77.2%
1960sIvan
77.2%
1950sIvan
77.2%
1940sIvan
77.2%
1980sIvan
77.2%
1990sIvan
77.2%
1990sIsaiah
53.9%
1980sIsaiah
53.9%
Hint Names % Correct
2000sIsaiah
53.9%
1880sIra
42.9%
1890sIra
42.9%
1900sIra
42.9%
1910sIra
42.9%
1920sIra
42.9%
1930sIra
42.9%
1960sIra
42.9%
1950sIra
42.9%
1940sIra
42.9%
1880sIrvin
39.1%
1890sIrvin
39.1%
1900sIrvin
39.1%
1910sIrvin
39.1%
1920sIrvin
39.1%
1930sIrvin
39.1%
1950sIrvin
39.1%
1940sIrvin
39.1%
1970sIsrael
36.9%
1960sIsrael
36.9%
1980sIsrael
36.9%
1990sIsrael
36.9%
1880sIke
36.3%
1880sIrving
35%
1890sIrving
35%
1900sIrving
35%
1910sIrving
35%
1920sIrving
35%
1930sIrving
35%
1950sIrving
35%
1940sIrving
35%
1970sIsmael
14.3%

You're not logged in!

Compare scores with friends on all Sporcle quizzes.
Join for Free
OR
Log In

You Might Also Like...

Show Comments

Extras

Top Quizzes Today


Score Distribution

Your Account Isn't Verified!

In order to create a playlist on Sporcle, you need to verify the email address you used during registration. Go to your Sporcle Settings to finish the process.

Report this User

Report this user for behavior that violates our Community Guidelines.

Details: